01862nam a2200325 i 4500003000900000005001700009007000300026008004100029020001500070040003000085041000800115082001900123100005000142245016300192250002300355264007200378300004500450336002700495337003400522338002800556505057600584590002701160700004701187700004101234700005801275910001401333942001401347952015801361999001701519DO-SdBNP20251007144317.0ta251007b2003 dr a|||| |||| 00| 0 spa d a999345544X aDO-SdBNPbspacBNPHUerda aspa axxxbT225c222 aTaulé Paiewonsky, Ginnyeautor4aut.97005610aCatársis de tinta /cGinny Taulé Paiewonsky ; diseño, Lourdes Periche Agencia Creativa ; diseño de portada, Lourdes Periche ; fotos, Nicole Sánchez. aPrimera edición  aSanto Domingo, República Dominicana : bEditora Corripio, c2003. a69 páginas ;bilustraciones ; c26 cm. atextobtxt2rdacontent asin mediación bn2rdamedia avolumenbnc2rdacarrier aLlena. Catársis de tinta, 13 -- Vivir a medias, 15 -- Loba feroz, 17 -- Soledad, 19 -- Sombrilla, 20 -- Ser y estar, 21 -- Adiós, 23 -- Con palabras, 27 -- Valor, 29 -- Presagio, 31 -- Secreto, 33 -- Celebración, 35 -- Evocación medieval, 36 -- Taquicardia, 37 -- Mea culpa, 38 -- Vestida de aliento, 39 -- Una en mil, 43 -- Adelante, 45 -- Mi trébol, 47 -- Un ser simple, 49 -- Certezas, 50 -- Cómplice, 51 -- Despedida, 55 -- Corazón, 57 -- Rutina, 59 -- Último encuentro, 61 -- Respuesta, 62 -- Afirmaciones, 63 --Desdichado, 65 -- Hermes y Hestia, 67  aInventariado, 2025 /LP1 aPeriche, Lourdes,ediseñador4di.9741931 aTaulé, Ginny,edibujos4di.9886641 aSánchez, Nicole, d1971-efotógrafos4fot.988665 aLoPérez 2ddccLFPD 00102ddc51708PDaBNPHUbBNPHUcCTd2021-12-16eDonado por Colegio Nuestra Señora de Lourdesl0oxxx T225cp2025-11160r2025-10-07w2025-10-07yLBS1 c59922d59922